00453nam a2200157Ia 450000500170000000800410001708200150005810000170007324500190009026000430010930000120015265000130016494200060017795200970018399900150028020250529022725.0240331s9999 xx 000 0 und d a303.6bPER aPerera, W.E. 0aThrasthavadaya aGampahabSarasavi Printing Pressc1986 a84 p ., aTerriosm cL 001040708LaWERCLbWERCLcSSCd2024-03-31l0o 303.6 PERp5227r2024-03-31w2024-03-31yL c1285d1285